Katalóg slovenských firiem '95
Guardado en:
| Formato: | Libro |
|---|---|
| Lenguaje: | ruso eslovaco inglés alemán |
| Publicado: |
Bratislava
Slovenská obchodná a priemyselná komora
1995
|
| Edición: | 1. vyd. |
| Materias: | |
| Etiquetas: |
Sin Etiquetas, Sea el primero en etiquetar este registro!
|
MARC
| LEADER | 00000nam a2200000 4500 | ||
|---|---|---|---|
| 001 | c009405 | ||
| 005 | 20221214071230.4 | ||
| 020 | |a 80-85588-26-9 | ||
| 041 | 0 | |a rus | |
| 041 | 0 | |a slo | |
| 041 | 0 | |a eng | |
| 041 | 0 | |a ger | |
| 044 | |a SK | ||
| 245 | 1 | 0 | |a Katalóg slovenských firiem '95 |
| 250 | |a 1. vyd. | ||
| 264 | 1 | |a Bratislava |b Slovenská obchodná a priemyselná komora |c 1995 | |
| 300 | |a 320 s. | ||
| 610 | 2 | 0 | |a firmy |
| 610 | 2 | 0 | |a Slovensko |
| 610 | 2 | 0 | |a 1995 |